000 00492nam a2200133 a 4500
008 120416s1968 ||||||||||||||||| || u
050 _aTK 7885 Ead
100 _aEadie, Donald
245 1 0 _aIntroduction to the basic computer
260 _aEnglewood Cliffs, N.J.
_bFT Prentice-Hall
_c1968
300 _axv, 430p. : ill
350 _a0.00
995 _D0.00
_FCBU-MAIN LIBRARY (Kitwe)
_H1
_I2.00
_UAVAILABLE
_ZMain Library Open Access Collection
999 _c48030
_d48030